00660nam a22002177a 450000500170000001000130001702000220003003500130005203700160006504000120008108200170009310000250011024500730013524600060020826000440021427000420025830000250030050000510032565000330037665000330040920170124105936.0 aA-558410 c00.00a8185425760 aA-558410 bCen Lib/Ret aDPLbEN a330.954bROT aRothermund, Dietmar  aIndia in the great dipression :cby Dietmar Rothermund b1929-1939 / b  bManohar Publications aNew Delhi c1992 bNew Delhi a2/6, ansari road e110002 axii, 292p.c21cm(Hb) aIncludes bibliographical references and index  aMacro economics complacy z  aGreat dipression y1929-1939